000 00526cam a2200205 4500
001 D3027
008 090401t1985 xxu||||| |||| 00| 0 eng d
035 _a(Sirsi) u71626
041 _aeng
050 _a692.9
100 _aCutting, Geoffrey
245 _aNomination: the myths and the realities
260 _aAscot, Berks
_bChartered Institute of Building
_c1985
300 _a4p. 30cm
350 _a0
490 _aTechnical Information Service
_v56
520 _aCaption title.
942 _n0
948 _c04/03/1997
999 _c95421
_d95421